[Event "Campionato Provinciale di Modena 2022"]
[Site "Modena ITA"]
[Date "2021.12.17"]
[Round "1.1"]
[White "Basso, Pier Luigi"]
[Black "Maran, Walter"]
[Result "1-0"]
[WhiteElo "2581"]
[BlackElo "1614"]
[EventDate "2021.12.17"]
[Plycount "53"]

1. d4 e6 2. c4 b6 3. e4 Bb7 4. Bd3 g6 5. Ne2 Bg7 6. Nbc3 Ne7 7. h4 h6 8. Be3 d6 9. f4 f5 10. h5 Nd7 11. hxg6 Nf6 12. Ng3 Qd7 13. Qc2 Ng4 14. Bg1 Rf8 15. Nh5 Nxg6 16. exf5 exf5 17. Bxf5 Qe7+ 18. Kf1 Kd8 19. Bxg6 Nf6 20. Re1 Qd7 21. Nxf6 Bxf6 22. Be4 c6 23. g3 Qg7 24. Bf2 Qc7 25. d5 Bd4 26. dxc6 Bxc3 27. cxb7 1-0

[Event "Campionato Provinciale di Modena 2022"]
[Site "Modena ITA"]
[Date "2021.12.17"]
[Round "1.2"]
[White "Gucciardo, Salvatore"]
[Black "Piccirillo, Edoardo"]
[Result "0-1"]
[WhiteElo "1590"]
[BlackElo "2107"]
[EventDate "2021.12.17"]
[Plycount "62"]

1. d4 Nf6 2. c4 c5 3. d5 b5 4. cxb5 a6 5. bxa6 Bxa6 6. Nc3 g6 7. Nf3 Bg7 8. e4 Bxf1 9. Kxf1 d6 10. g3 O-O 11. Kg2 Nbd7 12. h3 Ra6 13. Re1 Qa8 14. Re2 Rb8 15. Kh2 Nb6 16. Qf1 Na4 17. Qe1 Nd7 18. Nxa4 Rxa4 19. Bg5 Rxb2 20. Rxb2 Bxb2 21. Rb1 Bf6 22. Bf4 Rxa2 23. Rd1 c4 24. e5 dxe5 25. Nxe5 Nxe5 26. Bxe5 Qa7 27. Bxf6 Qxf2+ 28. Qxf2 Rxf2+ 29. Kg1 Rxf6 30. Kg2 Rd6 31. Kf3 e6 0-1

[Event "Campionato Provinciale di Modena 2022"]
[Site "Modena ITA"]
[Date "2021.12.17"]
[Round "1.3"]
[White "Covello, Danilo"]
[Black "Garofalo, Sergio"]
[Result "1-0"]
[WhiteElo "2070"]
[BlackElo "1580"]
[EventDate "2021.12.17"]
[Plycount "79"]

1. d4 Nf6 2. Bg5 c6 3. Nf3 g6 4. Bxf6 exf6 5. g3 Bg7 6. Bg2 d5 7. O-O O-O 8. Nbd2 Be6 9. e3 Re8 10. b3 Nd7 11. c4 Nf8 12. Ne1 Qd7 13. Nd3 b6 14. Re1 g5 15. Rc1 h5 16. cxd5 cxd5 17. Nb1 h4 18. Nc3 hxg3 19. hxg3 Ng6 20. b4 Bf8 21. Qf3 g4 22. Qd1 Rac8 23. Qb3 Red8 24. a3 Kg7 25. Rc2 a5 26. Rec1 Bf5 27. Rd1 a4 28. Nxa4 Rxc2 29. Qxc2 Rc8 30. Qb3 Bxd3 31. Rxd3 Rc1+ 32. Rd1 Rxd1+ 33. Qxd1 Qc6 34. Bf1 Bd6 35. Bd3 Ne7 36. Qxg4+ Ng6 37. Qd1 Kf8 38. Qc2 Qxc2 39. Bxc2 Bc7 40. Bxg6 1-0

[Event "Campionato Provinciale di Modena 2022"]
[Site "Modena ITA"]
[Date "2021.12.17"]
[Round "1.4"]
[White "Chiavetta, Matteo"]
[Black "Giuntini, Enrico"]
[Result "0-1"]
[WhiteElo "1532"]
[BlackElo "1986"]
[EventDate "2021.12.17"]
[Plycount "78"]

1. c4 f5 2. Nf3 Nf6 3. Nc3 g6 4. g3 Bg7 5. Bg2 O-O 6. O-O d6 7. d4 Qe8 8. Re1 e5 9. dxe5 dxe5 10. e4 Nc6 11. exf5 Bxf5 12. Nh4 Rd8 13. Qa4 Nd4 14. Qxe8 Rfxe8 15. Nxf5 gxf5 16. Rb1 c6 17. Bg5 Rd6 18. Ne2 Nd7 19. Nxd4 Rxd4 20. Rbd1 e4 21. Rxd4 Bxd4 22. Rd1 c5 23. Bh3 Ne5 24. Bf4 Nf3+ 25. Kg2 Rf8 26. b3 Kg7 27. Be3 Kf6 28. Kh1 Rd8 29. Bg2 Ne5 30. Bxd4 Rxd4 31. Rxd4 cxd4 32. Kg1 Nd3 33. a3 Nc1 34. Kf1 Nxb3 35. g4 Nd2+ 36. Ke1 Nxc4 37. gxf5 Kxf5 38. a4 Kf4 39. Bf1 d3 0-1

[Event "Campionato Provinciale di Modena 2022"]
[Site "Modena ITA"]
[Date "2021.12.17"]
[Round "1.5"]
[White "Vincenzi, Marco"]
[Black "Vaccari, Marco"]
[Result "1-0"]
[WhiteElo "1954"]
[BlackElo "1485"]
[EventDate "2021.12.17"]
[Plycount "31"]

1. e4 c5 2. Nf3 d6 3. Bb5+ Nd7 4. O-O a6 5. Be2 Ngf6 6. Nc3 b5 7. d4 Qc7 8. Re1 Bb7 9. e5 dxe5 10. dxe5 Nxe5 11. Nxe5 e6 12. Bf4 Bd6 13. Bxb5+ Ke7 14. Bc4 g5 15. Nxf7 Kxf7 16. Qxd6 1-0

[Event "Campionato Provinciale di Modena 2022"]
[Site "Modena ITA"]
[Date "2021.12.17"]
[Round "1.6"]
[White "Bertesi, Andrea"]
[Black "Mammi, Samuele"]
[Result "0-1"]
[WhiteElo "1386"]
[BlackElo "1923"]
[EventDate "2021.12.17"]
[Plycount "62"]

1. d4 d5 2. c4 e6 3. Nf3 Nf6 4. Bg5 Be7 5. e3 b6 6. Bxf6 Bxf6 7. g3 Bb7 8. Bg2 Nd7 9. Nbd2 O-O 10. O-O c5 11. Qe2 Rc8 12. Rfc1 Qe7 13. Nb3 dxc4 14. Rxc4 Ba6 15. Nfd2 Rc6 16. Rac1 Rfc8 17. Qh5 Bxc4 18. Nxc4 cxd4 19. Qb5 dxe3 20. Bf1 exf2+ 21. Kg2 Nc5 22. Nbd2 Qd7 23. Qb4 Qd5+ 24. Kxf2 Nd3+ 25. Bxd3 Qxd3 26. Ke1 Bg5 27. Rc3 Bxd2+ 28. Nxd2 Rxc3 29. bxc3 Rxc3 30. Kd1 Rc2 31. Qf4 e5 0-1

[Event "Campionato Provinciale di Modena 2022"]
[Site "Modena ITA"]
[Date "2021.12.17"]
[Round "1.7"]
[White "Lamartina, Davide Mariano"]
[Black "Bruni, Alessandro"]
[Result "1-0"]
[WhiteElo "1910"]
[BlackElo "1368"]
[EventDate "2021.12.17"]
[Plycount "75"]

1. e4 e5 2. Nf3 Nc6 3. d4 exd4 4. Nxd4 Bc5 5. Nb3 Bb6 6. Nc3 h6 7. Qe2 Nge7 8. Be3 O-O 9. O-O-O d6 10. f4 Re8 11. Bxb6 axb6 12. Qf3 Bd7 13. g4 Ng6 14. Rg1 Qh4 15. Nd5 Rxa2 16. Nxc7 Rc8 17. Nd5 Na5 18. Kb1 Rxb2+ 19. Kxb2 Nc4+ 20. Bxc4 Rxc4 21. Nxb6 Qf6+ 22. e5 Nxe5 23. fxe5 Qxf3 24. Nxc4 d5 25. Nd6 Bxg4 26. Rdf1 Qh3 27. Nxf7 Be6 28. Nd6 Qxh2 29. Re1 b6 30. Nd4 Qh3 31. Ne8 g5 32. Nc7 Bc8 33. e6 Qh4 34. Ncb5 Kf8 35. e7+ Ke8 36. Nd6+ Kd7 37. e8=Q+ Kxd6 38. Qe7# 1-0

[Event "Campionato Provinciale di Modena 2022"]
[Site "Modena ITA"]
[Date "2021.12.17"]
[Round "1.8"]
[White "Visentini, Alberto"]
[Black "Magagnini, Vincenzo"]
[Result "0-1"]
[WhiteElo "1350"]
[BlackElo "1900"]
[EventDate "2021.12.17"]
[Plycount "50"]

1. d4 Nf6 2. Bf4 c5 3. c3 g6 4. Nf3 Bg7 5. g3 O-O 6. Bg2 Qb6 7. Qc1 cxd4 8. Nxd4 d6 9. Be3 Ng4 10. O-O Nxe3 11. Qxe3 Qxb2 12. Nd2 Nc6 13. Nc4 Bxd4 14. Qxd4 Nxd4 15. Nxb2 Nxe2+ 16. Kh1 Nxc3 17. Rfc1 Nb5 18. a4 Nd4 19. Rc7 Nc6 20. a5 a6 21. Nc4 Rb8 22. Nb6 Re8 23. Bxc6 bxc6 24. Rxc6 Bb7 25. Rc1 Rbc8 0-1

[Event "Campionato Provinciale di Modena 2022"]
[Site "Modena ITA"]
[Date "2021.12.17"]
[Round "1.9"]
[White "Modena, Giorgio"]
[Black "Vaccari, Luigi"]
[Result "0-1"]
[WhiteElo "1837"]
[BlackElo "1296"]
[EventDate "2021.12.17"]
[Plycount "138"]

1. e4 c5 2. c3 Nf6 3. e5 Nd5 4. Bc4 Nb6 5. Bb3 Nc6 6. Nf3 g6 7. O-O Bg7 8. d4 O-O 9. Be3 d6 10. exd6 cxd4 11. dxe7 Qxe7 12. Nxd4 Rd8 13. Nxc6 bxc6 14. Qf3 Bb7 15. Na3 Rd7 16. Rad1 Rad8 17. Rxd7 Rxd7 18. Nc2 c5 19. Qe2 Qe4 20. f3 Qf5 21. Bf2 Bf8 22. Ne3 Qg5 23. c4 Re7 24. Qd1 Rd7 25. Qe2 Re7 26. h4 Qf4 27. Re1 Re6 28. Qf1 Bd6 29. Ng4 h5 30. Rxe6 fxe6 31. Be3 Qg3 32. Qd3 Qe1+ 33. Qf1 Qxf1+ 34. Kxf1 hxg4 35. fxg4 Nd7 36. Bd1 Be5 37. b3 Bd4 38. Bxd4 cxd4 39. b4 Nb6 40. Bb3 Kf7 41. a4 Kf6 42. b5 Nd7 43. a5 Nc5 44. Bd1 e5 45. a6 Be4 46. Be2 Nd7 47. Kf2 Ke6 48. h5 g5 49. g3 Ba8 50. Bd1 Be4 51. Ke2 Nc5 52. Kd2 Bd3 53. b6 axb6 54. Bf3 Nxa6 55. Kxd3 Nc5+ 56. Kd2 e4 57. Bg2 Ke5 58. Bh1 Nd7 59. Bg2 Nf6 60. Bh3 Kd6 61. Bg2 Ke5 62. Bh3 Kd6 63. Bg2 Kc5 64. h6 Kxc4 65. h7 e3+ 66. Ke2 Nxh7 67. Be4 Nf6 68. Bd3+ Kc5 69. Bf5 b5 0-1

[Event "Campionato Provinciale di Modena 2022"]
[Site "Modena ITA"]
[Date "2021.12.17"]
[Round "1.10"]
[White "Rubini, Alessandro"]
[Black "Sacchetti, Andrea"]
[Result "0-1"]
[WhiteElo "1222"]
[BlackElo "1831"]
[EventDate "2021.12.17"]
[Plycount "102"]

1. e4 d6 2. d4 Nf6 3. Nc3 Nbd7 4. f3 e5 5. d5 c6 6. Be3 Be7 7. Bc4 O-O 8. Nge2 Nb6 9. Bb3 cxd5 10. Nxd5 Nbxd5 11. Bxd5 Nxd5 12. Qxd5 Qc7 13. Qd2 Be6 14. O-O Rac8 15. Nc3 a6 16. Qf2 b5 17. Rac1 Qc4 18. a3 f5 19. Qd2 fxe4 20. fxe4 Rxf1+ 21. Rxf1 Rf8 22. Rxf8+ Bxf8 23. b3 Qc6 24. Nd5 Qb7 25. Qd3 Qf7 26. a4 bxa4 27. bxa4 Qb7 28. a5 Qb1+ 29. Kf2 Qa2 30. Bb6 Qa4 31. Qxa6 Qxe4 32. Ne3 Qc6 33. Qa7 Bc8 34. Qc7 Qa8 35. Nc4 Bb7 36. g3 Bh1 37. Nxd6 Qf3+ 38. Ke1 Bg2 39. Qc4+ Qd5 40. Qxd5+ Bxd5 41. Nb5 Bc6 42. c4 Bb4+ 43. Ke2 Bb7 44. c5 Ba6 45. Ke3 Bxb5 46. Ke4 Bc3 47. Bc7 Bc6+ 48. Kd3 Bd4 49. Bd6 Kf7 50. a6 Ke6 51. a7 Kd5 0-1

[Event "Campionato Provinciale di Modena 2022"]
[Site "Modena ITA"]
[Date "2021.12.17"]
[Round "1.11"]
[White "Viola, Lorenzo"]
[Black "Marseglia, Serena"]
[Result "1-0"]
[WhiteElo "1776"]
[BlackElo "1190"]
[EventDate "2021.12.17"]
[Plycount "85"]

1. e4 c5 2. Nf3 d6 3. d4 cxd4 4. Nxd4 Nf6 5. Nc3 g6 6. Bc4 Bg7 7. O-O O-O 8. Be3 Nc6 9. Nxc6 bxc6 10. Qd2 c5 11. Bh6 Bxh6 12. Qxh6 Bb7 13. Rae1 Qc7 14. f4 Qb6 15. f5 Ba6 16. Nd5 Nxd5 17. Bxd5 Bxf1 18. fxg6 c4+ 19. Kh1 hxg6 20. Qxg6+ Kh8 21. Qh6+ Kg8 22. Re3 Qxe3 23. Qxe3 Rab8 24. Kg1 c3 25. Qg3+ Kh8 26. Qxc3+ Kg8 27. Kxf1 Rfc8 28. Qg3+ Kh7 29. Bxf7 Rg8 30. Bxg8+ Rxg8 31. Qh4+ Kg6 32. Qxe7 Rh8 33. Qxd6+ Kg5 34. Qe5+ Kg4 35. Qxh8 a5 36. Kf2 a4 37. Qh3+ Kg5 38. Qf5+ Kh6 39. Qg4 a3 40. bxa3 Kh7 41. Kf3 Kh8 42. Kf4 Kh7 43. Kf5 1-0

[Event "Campionato Provinciale di Modena 2022"]
[Site "Modena ITA"]
[Date "2021.12.17"]
[Round "1.12"]
[White "Togni, Alessandro"]
[Black "Lugli, Andrea"]
[Result "0-1"]
[WhiteElo "1100"]
[BlackElo "1714"]
[EventDate "2021.12.17"]
[Plycount "62"]

1. e4 c6 2. d4 d5 3. e5 Bf5 4. h4 h5 5. c4 e6 6. Nf3 Bg4 7. Nc3 Ne7 8. cxd5 cxd5 9. Be3 Nbc6 10. Be2 Nf5 11. O-O Nxh4 12. Nd2 Bxe2 13. Qxe2 a6 14. Rac1 Nf5 15. Nb3 Be7 16. f4 Ng3 17. Qf3 Nxf1 18. Rxf1 g6 19. Ne2 Qb6 20. f5 gxf5 21. Qg3 O-O-O 22. Rc1 Rdg8 23. Qe1 Kb8 24. Qd2 Rg4 25. Nc5 Bxc5 26. Rxc5 Rhg8 27. g3 h4 28. Bf4 Qb4 29. Qc2 Nxd4 30. Nxd4 Qxd4+ 31. Kf1 hxg3 0-1

[Event "Campionato Provinciale di Modena 2022"]
[Site "Modena ITA"]
[Date "2021.12.17"]
[Round "1.13"]
[White "Coloretti, Elia"]
[Black "Ansaloni, Luca"]
[Result "1-0"]
[WhiteElo "1671"]
[BlackElo "999"]
[EventDate "2021.12.17"]
[Plycount "99"]

1. e4 e5 2. Nf3 Nc6 3. Bb5 a6 4. Ba4 Nf6 5. O-O b5 6. Bb3 Bb7 7. d3 h6 8. c3 Bc5 9. Re1 d6 10. h3 O-O 11. Be3 Bxe3 12. Rxe3 Re8 13. Nh4 Nh7 14. Nf5 Bc8 15. Bd5 Bb7 16. Rg3 g5 17. Nxh6+ Kf8 18. Qh5 Qd7 19. Nxf7 Nf6 20. Qh6+ Ke7 21. Rf3 Nxd5 22. exd5 Rf8 23. dxc6 Bxc6 24. Qxg5+ Ke8 25. Nxe5 dxe5 26. Qxe5+ Qe7 27. Rxf8+ Kxf8 28. Qxe7+ Kxe7 29. Nd2 Rg8 30. Re1+ Kd7 31. Ne4 Kc8 32. g4 Re8 33. f4 Rd8 34. Re3 Bxe4 35. dxe4 Rd1+ 36. Kf2 Rd2+ 37. Re2 Rxe2+ 38. Kxe2 c5 39. g5 Kd7 40. g6 Ke7 41. f5 Kf6 42. e5+ Kg7 43. a4 bxa4 44. Kd3 a5 45. Kc4 a3 46. bxa3 a4 47. Kxc5 Kh6 48. Kd6 Kg7 49. Kd7 Kg8 50. e6 1-0

[Event "Campionato Provinciale di Modena 2022"]
[Site "Modena ITA"]
[Date "2021.12.17"]
[Round "1.14"]
[White "Cadioli, Enrico Maria"]
[Black "Boasso, Andrea"]
[Result "0-1"]
[WhiteElo "999"]
[BlackElo "1657"]
[EventDate "2021.12.17"]
[Plycount "74"]

1. e4 Nc6 2. Nf3 d6 3. Bb5 Nf6 4. O-O Nxe4 5. Re1 d5 6. d3 Nf6 7. d4 Bg4 8. Be2 e6 9. c3 Bd6 10. a3 O-O 11. b4 Ne7 12. Ne5 Bxe2 13. Qxe2 Re8 14. Bf4 Ng6 15. Bg3 Ne4 16. Qf3 Qe7 17. Ra2 a5 18. b5 a4 19. c4 Nxg3 20. c5 Bxe5 21. dxe5 Ne4 22. c6 bxc6 23. bxc6 Nxe5 24. Qe3 Nxc6 25. Nc3 Nxc3 26. Qxc3 Na5 27. Rc1 Nc4 28. g3 Rab8 29. Kg2 Rb3 30. Qd4 c5 31. Qf4 h6 32. Rxc4 dxc4 33. Qxc4 Qb7+ 34. Kf1 Qh1+ 35. Ke2 Qf3+ 36. Kd2 Rd8+ 37. Kc2 Qd1# 0-1

[Event "Campionato Provinciale di Modena 2022"]
[Site "Modena ITA"]
[Date "2021.12.17"]
[Round "1.15"]
[White "Mammi, Ottavio"]
[Black "Cavedoni, Enrico"]
[Result "1-0"]
[WhiteElo "1655"]
[BlackElo "999"]
[EventDate "2021.12.17"]
[Plycount "73"]

1. c4 e5 2. Nc3 Nf6 3. g3 Bc5 4. Bg2 d6 5. e3 O-O 6. Nge2 c6 7. d4 exd4 8. exd4 Bb6 9. O-O h6 10. b4 a6 11. Bf4 Bg4 12. f3 Be6 13. Qd3 d5 14. c5 Bc7 15. Bxc7 Qxc7 16. Nf4 Nbd7 17. Nxe6 fxe6 18. f4 Rfe8 19. Rae1 b6 20. Bh3 Nf8 21. Na4 b5 22. Nb6 Rab8 23. Re5 Qf7 24. Rfe1 Ne4 25. f5 Rxb6 26. cxb6 Nd7 27. R5xe4 dxe4 28. Qxe4 Nxb6 29. Qxc6 Rb8 30. fxe6 Qe7 31. Rf1 Qxb4 32. Qc7 Qxd4+ 33. Kh1 Qd8 34. Qf7+ Kh8 35. e7 Qd5+ 36. Qxd5 Nxd5 37. Rf8+ 1-0

[Event "Campionato Provinciale di Modena 2022"]
[Site "Modena ITA"]
[Date "2021.12.17"]
[Round "1.16"]
[White "Chiavetta, Giuseppe"]
[Black "Chiesa, Giuseppe"]
[Result "0-1"]
[WhiteElo "999"]
[BlackElo "1650"]
[EventDate "2021.12.17"]
[Plycount "50"]

1. e4 c5 2. Bc4 e6 3. Nf3 a6 4. c3 Qc7 5. d3 Nc6 6. Bb3 Nge7 7. O-O g6 8. Nbd2 Bg7 9. Re1 O-O 10. Nf1 b5 11. Ng3 Rb8 12. Be3 d6 13. Qd2 Ne5 14. Bh6 Bd7 15. Bxg7 Nxf3+ 16. gxf3 Kxg7 17. Qg5 Ng8 18. Nh5+ Kh8 19. Nf6 Qd8 20. e5 dxe5 21. Qxe5 Qxf6 22. Re3 Qxe5 23. Rxe5 Rfc8 24. Re4 Kg7 25. Rf4 Bc6 26. Rd1 Ne7 27. c4 Nf5 28. Re1 Nd4 29. Bd1 bxc4 30. dxc4 Rxb2 31. a3 Rb1 32. h4 e5 33. Rg4 Bxf3 34. Rg5 Bxd1 35. Rxd1 Rxd1+ 0-1

[Event "Campionato Provinciale di Modena 2022"]
[Site "Modena ITA"]
[Date "2021.12.17"]
[Round "1.17"]
[White "Terrone, Damiano"]
[Black "Rioli, Andrea"]
[Result "1-0"]
[WhiteElo "1648"]
[BlackElo "999"]
[EventDate "2021.12.17"]
[Plycount "83"]

1. c4 Nf6 2. g3 g6 3. Bg2 d6 4. Nc3 Bg7 5. Nf3 Nbd7 6. O-O O-O 7. d3 Re8 8. Rb1 c6 9. Bd2 e5 10. b4 a6 11. Qc2 d5 12. cxd5 cxd5 13. Qb3 Nb6 14. Rfd1 Be6 15. Na4 d4 16. Qa3 Nxa4 17. Qxa4 Bd7 18. Qb3 Be6 19. Qb2 Bd5 20. Bg5 Qd6 21. Bxf6 Bxf6 22. Nd2 Bxg2 23. Kxg2 Qd5+ 24. Ne4 Rac8 25. f3 Bg7 26. Rd2 f5 27. Nc5 Bf8 28. Rc2 b6 29. Nxa6 Rxc2 30. Qxc2 h5 31. Nc7 Qd8 32. Qc4+ Kh7 33. Nxe8 Qxe8 34. Qc7+ Be7 35. Rc1 Kh6 36. Qxb6 Kg5 37. h4+ Kh6 38. Qb7 f4 39. Rc7 Bxh4 40. Rh7+ Kg5 41. gxh4+ Kxh4 42. Qe7+ 1-0

[Event "Campionato Provinciale di Modena 2022"]
[Site "Modena ITA"]
[Date "2021.12.18"]
[Round "2.1"]
[White "Lugli, Andrea"]
[Black "Basso, Pier Luigi"]
[Result "0-1"]
[WhiteElo "1714"]
[BlackElo "2581"]
[EventDate "2021.12.17"]
[Plycount "64"]

1. d4 d5 2. Nf3 Nf6 3. e3 c6 4. c4 Bg4 5. Nc3 e6 6. h3 Bh5 7. g4 Bg6 8. Ne5 Nbd7 9. Nxg6 hxg6 10. Qf3 Bb4 11. Bd2 Bxc3 12. Bxc3 Ne4 13. Bd3 Nxc3 14. bxc3 Qa5 15. Kd2 Nb6 16. c5 Na4 17. Rhc1 b6 18. cxb6 axb6 19. Rc2 b5 20. Rb1 Qc7 21. Bf1 Nb6 22. Qf4 Qe7 23. Qg3 O-O 24. f4 Ra3 25. Ke1 Rfa8 26. Qf2 R8a4 27. Rb3 Rxb3 28. axb3 Ra3 29. Rb2 Ra1+ 30. Ke2 Qa3 31. Kd3 Rxf1 32. Ra2 Rd1+ 0-1

[Event "Campionato Provinciale di Modena 2022"]
[Site "Modena ITA"]
[Date "2021.12.18"]
[Round "2.2"]
[White "Piccirillo, Edoardo"]
[Black "Viola, Lorenzo"]
[Result "1-0"]
[WhiteElo "2107"]
[BlackElo "1776"]
[EventDate "2021.12.17"]
[Plycount "61"]

1. d4 d5 2. Bf4 Nf6 3. e3 e6 4. Nd2 c5 5. c3 Be7 6. Ngf3 Nbd7 7. h3 O-O 8. Bd3 b6 9. O-O Bb7 10. Ne5 Nxe5 11. Bxe5 Ne4 12. Bxe4 dxe4 13. Qg4 g5 14. Rfd1 f5 15. Qh5 Qe8 16. Qh6 Qg6 17. Qxg6+ hxg6 18. dxc5 Bxc5 19. Nb3 Rfd8 20. Bf6 Rd3 21. Rxd3 exd3 22. Rd1 Rf8 23. Bxg5 Ba6 24. Nc1 Rf7 25. b4 Be7 26. Bxe7 Rxe7 27. Nxd3 Rc7 28. Ne5 Rxc3 29. Rd8+ Kg7 30. Rd7+ Kf6 31. f4 1-0

[Event "Campionato Provinciale di Modena 2022"]
[Site "Modena ITA"]
[Date "2021.12.18"]
[Round "2.3"]
[White "Boasso, Andrea"]
[Black "Covello, Danilo"]
[Result "0-1"]
[WhiteElo "1657"]
[BlackElo "2070"]
[EventDate "2021.12.17"]
[Plycount "87"]

1. e4 c6 2. d4 d5 3. Nc3 dxe4 4. Nxe4 Nd7 5. Nf3 Ngf6 6. Ng3 g6 7. Bd3 Bg7 8. Bd2 O-O 9. O-O c5 10. Re1 b6 11. Qe2 e6 12. c3 Bb7 13. Ne5 cxd4 14. cxd4 Nd5 15. Qg4 N7f6 16. Qh3 Rc8 17. a3 Ne7 18. Qh4 Nf5 19. Nxf5 exf5 20. Bg5 Qd6 21. Re3 Ng4 22. Nxg4 fxg4 23. Be7 Qxd4 24. Bxf8 Rxf8 25. Rae1 Qxb2 26. Qxg4 Bd5 27. Qd7 Be6 28. Qxa7 Bd4 29. R3e2 Qc3 30. Bb5 Bg4 31. Re4 Bf5 32. R4e2 Bg4 33. Re4 Qc4 34. Rf4 g5 35. Rxd4 Qxd4 36. a4 Be6 37. Qe7 h6 38. h3 Rd8 39. Kh1 Rd6 40. Rc1 Qf4 41. Re1 Rd2 42. Rf1 Bd5 43. Qe3 Qxe3 44. fxe3 0-1

[Event "Campionato Provinciale di Modena 2022"]
[Site "Modena ITA"]
[Date "2021.12.18"]
[Round "2.4"]
[White "Giuntini, Enrico"]
[Black "Coloretti, Elia"]
[Result "1-0"]
[WhiteElo "1986"]
[BlackElo "1671"]
[EventDate "2021.12.17"]
[Plycount "47"]

1. e4 c5 2. Nf3 Nc6 3. d4 cxd4 4. Nxd4 e6 5. c4 a6 6. Nc3 Bc5 7. Nb3 Ba7 8. Bf4 Qf6 9. Qd2 e5 10. Nd5 Qd6 11. Bg5 Nd4 12. c5 Bxc5 13. Nxc5 Qxc5 14. Rc1 Qd6 15. Nc7+ Kf8 16. Nxa8 Ne7 17. Bxe7+ Kxe7 18. Qg5+ Qf6 19. Qxf6+ gxf6 20. Nb6 Nc6 21. Be2 d6 22. Nxc8+ Rxc8 23. O-O Kd7 24. Bg4+ 1-0

[Event "Campionato Provinciale di Modena 2022"]
[Site "Modena ITA"]
[Date "2021.12.18"]
[Round "2.5"]
[White "Chiesa, Giuseppe"]
[Black "Vincenzi, Marco"]
[Result "0-1"]
[WhiteElo "1650"]
[BlackElo "1954"]
[EventDate "2021.12.17"]
[Plycount "56"]

1. d4 Nf6 2. c4 g6 3. Nc3 d5 4. cxd5 Nxd5 5. Bd2 Nb6 6. Bf4 Bg7 7. e3 O-O 8. Nf3 c5 9. Be2 Nc6 10. dxc5 Bxc3+ 11. bxc3 Qxd1+ 12. Rxd1 Na4 13. Ne5 Nxc3 14. Nxc6 bxc6 15. Rc1 Nxa2 16. Ra1 Nc3 17. Bf3 Nd5 18. Bh6 Re8 19. e4 Nb4 20. O-O e5 21. g4 a5 22. h4 Nc2 23. Ra2 Nd4 24. Bd1 Be6 25. Ra3 Bc4 26. Ra1 a4 27. Rxa4 Rxa4 28. Bxa4 Nf3+ 0-1

[Event "Campionato Provinciale di Modena 2022"]
[Site "Modena ITA"]
[Date "2021.12.18"]
[Round "2.6"]
[White "Mammi, Samuele"]
[Black "Mammi, Ottavio"]
[Result "0-1"]
[WhiteElo "1923"]
[BlackElo "1655"]
[EventDate "2021.12.17"]
[Plycount "98"]

1. c4 e5 2. Nc3 f5 3. e3 Nf6 4. d4 d6 5. Be2 Be7 6. Nf3 Nbd7 7. b3 O-O 8. Bb2 c6 9. O-O e4 10. Ng5 Nb6 11. Nh3 d5 12. Rc1 Bd7 13. Qd2 h6 14. a4 a5 15. Nf4 Kh7 16. cxd5 Nbxd5 17. Nfxd5 Nxd5 18. Nxd5 cxd5 19. Bb5 Be6 20. Rc2 g5 21. Rfc1 Bd6 22. Bc3 f4 23. b4 g4 24. g3 fxe3 25. fxe3 Qg5 26. bxa5 Rf3 27. Be2 Rxe3 28. Bb4 Bxg3 29. Be7 Bxh2+ 30. Kg2 Qf4 31. Rf1 Qg3+ 32. Kh1 Bg1 33. Bd6 Qxd6 34. Kxg1 Qg3+ 35. Kh1 Qh3+ 36. Kg1 Rg3+ 37. Kf2 e3+ 38. Ke1 exd2+ 39. Kxd2 Ra3 40. Rc7+ Kg6 41. Re1 Qe3+ 42. Kc2 Bf5+ 43. Kb2 Qb3+ 44. Kc1 Ra1+ 45. Kd2 Qb2+ 46. Ke3 Rxe1 47. Kf4 Qxd4+ 48. Kg3 Qe3+ 49. Kh4 Qh3# 0-1

[Event "Campionato Provinciale di Modena 2022"]
[Site "Modena ITA"]
[Date "2021.12.18"]
[Round "2.7"]
[White "Vaccari, Luigi"]
[Black "Lamartina, Davide Mariano"]
[Result "0-1"]
[WhiteElo "1296"]
[BlackElo "1910"]
[EventDate "2021.12.17"]
[Plycount "72"]

1. e4 c5 2. Nf3 Nc6 3. d4 cxd4 4. Nxd4 g6 5. Nc3 Bg7 6. Be3 Nf6 7. Nxc6 bxc6 8. Be2 Qc7 9. Qd2 Rb8 10. Rb1 d6 11. h3 O-O 12. O-O Rd8 13. Bh6 d5 14. Bxg7 Kxg7 15. exd5 cxd5 16. Bd3 e5 17. Qe2 e4 18. Bb5 d4 19. Nxe4 Nxe4 20. Ba4 Nf6 21. Bb3 Bf5 22. Rbd1 Re8 23. Qd2 Rbd8 24. f3 Qg3 25. Kh1 Nh5 26. Rfe1 Rxe1+ 27. Rxe1 Qf4 28. Qa5 Rd7 29. Ba4 Rc7 30. Bb3 Bxc2 31. Bxc2 Rxc2 32. Qxa7 d3 33. Qa5 d2 34. Rd1 Rc1 35. Qc3+ Rxc3 36. bxc3 Qe3 0-1

[Event "Campionato Provinciale di Modena 2022"]
[Site "Modena ITA"]
[Date "2021.12.18"]
[Round "2.8"]
[White "Magagnini, Vincenzo"]
[Black "Terrone, Damiano"]
[Result "1-0"]
[WhiteElo "1900"]
[BlackElo "1648"]
[EventDate "2021.12.17"]
[Plycount "85"]

1. e4 d5 2. exd5 Qxd5 3. Nc3 Qa5 4. d4 Nf6 5. Nf3 Bf5 6. Bd2 c6 7. Bc4 e6 8. a3 Nbd7 9. Bb3 Qc7 10. Nh4 Bg6 11. Qe2 O-O-O 12. O-O-O Be7 13. Nxg6 hxg6 14. d5 cxd5 15. Bxd5 Nb6 16. Bf3 Kb8 17. g3 Ka8 18. Bf4 Rxd1+ 19. Rxd1 Qc4 20. Qxc4 Nxc4 21. Be2 Nb6 22. h4 Nfd5 23. Nxd5 Nxd5 24. Bd2 g5 25. c4 Nb6 26. Bxg5 Bxg5+ 27. hxg5 Kb8 28. Rd4 Kc7 29. Rf4 Rf8 30. g6 f5 31. g4 Rf6 32. gxf5 Rxf5 33. Rxf5 exf5 34. Kd2 Kd6 35. Ke3 Ke5 36. b3 Nc8 37. f4+ Kf6 38. Kd4 Ne7 39. Bh5 Nxg6 40. Bxg6 Kxg6 41. Ke5 b6 42. b4 a6 43. Ke6 1-0

[Event "Campionato Provinciale di Modena 2022"]
[Site "Modena ITA"]
[Date "2021.12.18"]
[Round "2.9"]
[White "Sacchetti, Andrea"]
[Black "Shahaj, Hiqmet"]
[Result "1-0"]
[WhiteElo "1831"]
[BlackElo "999"]
[EventDate "2021.12.17"]
[Plycount "143"]

1. Nf3 Nc6 2. c4 e5 3. Qc2 Nf6 4. d3 Bc5 5. e3 d6 6. a3 O-O 7. Be2 a5 8. O-O Ne7 9. Nc3 c6 10. b3 Bb6 11. Bb2 Bf5 12. Rfd1 Ng6 13. Ne4 Bxe4 14. dxe4 Qc7 15. Rd2 Rfd8 16. Rad1 Qe7 17. h3 Nf8 18. b4 c5 19. b5 a4 20. Bd3 Ne6 21. Re2 Ne8 22. Nd2 g6 23. Nb1 Ra7 24. Rf1 Qh4 25. Qd1 Nf6 26. Nc3 Raa8 27. Nxa4 Bc7 28. Nc3 Ng5 29. Nd5 Nxd5 30. exd5 e4 31. Bc2 f5 32. Kh2 Re8 33. Qc1 Rf8 34. Bd1 Ba5 35. Bc3 Bxc3 36. Qxc3 Rf7 37. Ra2 h5 38. a4 b6 39. a5 Rfa7 40. a6 Rf8 41. Rc2 Nf7 42. f4 exf3 43. Bxf3 Ne5 44. Qe1 Qf6 45. h4 Kh7 46. Be2 Qe7 47. g3 Nd7 48. Bf3 Nf6 49. Re2 Qe5 50. Kh3 Kh6 51. Qc1 Rg8 52. e4+ g5 53. hxg5+ Rxg5 54. Qf4 fxe4 55. Bxe4 Qxf4 56. Rxf4 Ng4 57. Bf3 Ne5 58. Rf6+ Rg6 59. Rxg6+ Kxg6 60. Bg2 Nxc4 61. Re6+ Kg5 62. Bf1 Nd2 63. Be2 Rd7 64. Re8 c4 65. Rc8 Ne4 66. Bxc4 Rf7 67. Rg8+ Kh6 68. Re8 Nd2 69. Re6+ Kg5 70. Bd3 h4 71. gxh4+ Kh5 72. Bg6+ 1-0